Cómo es posible? (Registro nro. 9643)
[ vista simple ]
| 000 -CABECERA | |
|---|---|
| Longitud fija campo de control | 00844cam a2200241ui 4500 |
| 003 - IDENTIFICADOR DEL NUMERO DE CONTROL | |
| Identificador del número de control | CO-ViMGA |
| 005 - FECHA Y HORA DE LA ULTIMA TRANSACCION | |
| Fecha y hora de la última transacción | 20230915233129.0 |
| 008 - CODIGOS DE INFORMACION DE LONGITUD FIJA | |
| Códigos de información de longitud fija | 070511s2006 sp a j 000 1 spa d |
| 020 ## - NUMERO INTERNACIONAL NORMALIZADO PARA LIBROS | |
| Número Internacional Normalizado para Libros (ISBN) | 9788489804982 |
| 040 ## - FUENTE DE LA CATALOGACION | |
| Centro catalogador de origen | CO-ViMGA |
| Lengua de catalogación | spa |
| Centro transcriptor | CO-ViMGA |
| 100 10 - PUNTO DE ACCESO PRINCIPAL-NOMBRE DE PERSONA | |
| Nombre de persona | Schossow, Peter |
| 245 11 - TITULO PROPIAMENTE DICHO | |
| Título | Cómo es posible? |
| Resto del título | la historia de Elvis |
| Mención de responsabilidad, etc. | Peter Schossow ; traducción de Eduardo Martínez |
| 250 ## - MENCION DE EDICION | |
| Mención de edición | Edición especial para El Ministerio de Cultura |
| 300 ## - DESCRIPCION FISICA | |
| Extensión | [38] páginas |
| Otras características físicas | ilustraciones |
| Dimensiones | 25 cm |
| 490 ## - MENCION DE SERIE | |
| Mención de serie | Leer es mi cuento |
| 650 14 - PUNTO DE ACCESO ADICIONAL DE MATERIA - TERMINO DE MATERIA | |
| Fuente del encabezamiento | LEMB |
| Término de materia o nombre geográfico como elemento inicial | Literatura infantil alemana |
| Subdivisión cronológica | Siglo XXI |
| 650 14 - PUNTO DE ACCESO ADICIONAL DE MATERIA - TERMINO DE MATERIA | |
| Término de materia o nombre geográfico como elemento inicial | Cuentos infantiles alemanes |
| Fuente del encabezamiento | LEMB |
| Subdivisión cronológica | Siglo XXI |
| 650 14 - PUNTO DE ACCESO ADICIONAL DE MATERIA - TERMINO DE MATERIA | |
| Término de materia o nombre geográfico como elemento inicial | Niños en la literatura |
| Fuente del encabezamiento | LEMB |
| 700 10 - PUNTO DE ACCESO ADICIONAL - NOMBRE DE PERSONA | |
| Nombre de persona | Martínez, Eduardo |
| 942 ## - ENTRADA DE ELEMENTOS AGREGADOS (KOHA) | |
| Fuente de clasificaión o esquema | Dewey Decimal Classification |
| Koha [por defecto] tipo de item | LIbro |
| Perdido | Fuente de clasificación o esquema | Estado Físico | No para préstamo | Forma de adquisición | Localización permanente | Localización actual | Fecha adquisición | Préstamos totales | Renovaciones totales | Signatura completa | Código de barras | Fecha última consulta | Fecha último préstamo | Número de copia | Fecha del precio de reemplazo | Tipo de item de Koha | Localización en estanterías | Note pública |
|---|---|---|---|---|---|---|---|---|---|---|---|---|---|---|---|---|---|---|
| Dewey Decimal Classification | Infantil | Biblioteca Pública Puerto López - Jorge Eliecer Gaitán | Biblioteca Pública Puerto López - Jorge Eliecer Gaitán | 05/16/2025 | PLZ01252 | 05/16/2025 | Ej.1 | 05/16/2025 | Libro Infantil | Sala Infantil | ||||||||
| Colección Sala Infantil de Literatura Pocatil y Tilín | Biblioteca Pública Departamental Eduardo Carranza - Villavicencio | Biblioteca Pública Departamental Eduardo Carranza - Villavicencio | 02/18/2016 | C SCHc | ECA24520 | 11/26/2024 | Ej.1 | 11/26/2024 | LIbro | Sala Infantil | 18554 | 23711 | |||||||
| Dewey Decimal Classification | Sala Infantil Segundo Piso | Biblioteca Pública Germán Arciniegas - Villavicencio | Biblioteca Pública Germán Arciniegas - Villavicencio | 04/26/2016 | 1 | 2 | C SCHC | 29951 | 05/19/2018 | 04/23/2018 | Ej. 1 | 04/26/2016 | LIbro | |||||
| Dewey Decimal Classification | Infantil | Biblioteca Pública San Juanito - Ernesto Maria Peña Romero | Biblioteca Pública San Juanito - Ernesto Maria Peña Romero | 01/25/2024 | C SCHC | SJU00423 | 01/25/2024 | Ej.1 | 01/25/2024 | LIbro | Sala Infantil |